01146nam a2200193Ia 4500001001100000003001000011008004100021040002500062041001300087100002300100245004700123250001100170260008900181300001200270500026000282501011400542520026000656650003600916L200-53686IT-CnALBA170116s9999||||xx |||||||||||||| ||und|| aIT-CnALBAcIT-CnALBA aITALIANO aMARCHISIO BATTISTA 0aLA VITE, LA VIGNA E IL VINO NELLA BIBBIA.  a1a ed. a CAVALLERMAGGIOREbGRIBAUDO EDIZIONI c1993 [1° Ed.:1993 - Ed.Ling.Originale: 1993] a280 p.  aVIGNETI IN PALESTINA. VENDEMMIA. VINIFICAZIONE. IL VINO E LA VITA QUOTIDIANA. ASTINENZA DAL VINO. IL VINO E LE FESTE. LA GIOIA. ASPETTI CULTURALI. CULTO ISLAMICO E CRISTIANO. LA VITA MORALE. SIMBOLO D'AMORE DI LUTTO E VITA MORALE. SIMBOLO DI BENEDIZIONI E aSocietà San Paolo EM - Piazza San Paolo, 14 - 12051 ALBA (CN) (non commercial uses only) ® Copyright 2017 aVIGNETI IN PALESTINA. VENDEMMIA. VINIFICAZIONE. IL VINO E LA VITA QUOTIDIANA. ASTINENZA DAL VINO. IL VINO E LE FESTE. LA GIOIA. ASPETTI CULTURALI. CULTO ISLAMICO E CRISTIANO. LA VITA MORALE. SIMBOLO D'AMORE DI LUTTO E VITA MORALE. SIMBOLO DI BENEDIZIONI E aRELIGIONE - RELIGIONE CRISTIANA